| 000 | 00422nam a22001457a 4500 | ||
|---|---|---|---|
| 999 |
_c2717 _d2717 |
||
| 008 | 200313b ||||| |||| 00| 0 eng d | ||
| 082 | 0 | 0 |
_a370.7342 _bH6779 |
| 110 |
_92327 _aMinistry of Education, London |
||
| 245 | 1 | 0 |
_aChallenge and response _cby Ministry of Education, London |
| 260 |
_aLondon _bHis Majesty's Stationery Office _c1950 |
||
| 300 | _a164 p. | ||
| 365 | _d3.00 | ||
| 650 | 0 | _aTeachers Training | |
| 942 | _cBK | ||